000 00453nam a2200133Ia 4500
008 100328s9999 xx 000 0 und d
082 _b20534
100 _aप्रियोळकर अनंत काकबा
245 _aदमयंती स्वयंवर
260 _bप्रियोळकर अ.का.
630 _aदमयंती स्वयंवर
730 _aदमयंती स्वयंवर
942 _cBOOK
999 _c514655
_d514652